000 00241nam a22000977a 4500
999 _c516898
_d516898
082 _aTNC BA27 L496
100 _a Lecomte, du Nouy
_923731
245 _aHuman destiny
_cBy Lecomte du Nouy
260 _aNew York
_bLongmans
_c1947
300 _a289p.